[Event "Governor's Cup"]
[Site "Saratov RUS"]
[Date "2011.10.19"]
[Round "11"]
[White "Morozevich,A"]
[Black "Roiz,M"]
[Result "1-0"]
[WhiteElo "2737"]
[BlackElo "2668"]

1.d4 d5 2.c4 e6 3.Nc3 Be7 4.cxd5 exd5 5.Nf3 c6 6.h3 Nf6 7.Qc2 g6 8.Bh6 Bf5
9.Qc1 Nbd7 10.e3 Ne4 11.Be2 Nd6 12.Nd2 Be6 13.Qc2 Bf5 14.Qb3 Qb6 15.g4 Qxb3
16.axb3 Be6 17.b4 a6 18.Nb3 f5 19.Nc5 Nxc5 20.bxc5 Ne4 21.gxf5 gxf5 22.h4 Rg8
23.Na4 Bd8 24.Nb6 Bxb6 25.cxb6 Ke7 26.Bf4 Rae8 27.b4 Bc8 28.Rc1 Bd7 29.Bd3 Kf7
30.f3 Nf6 31.Kf2 Ra8 32.Rhg1 Rxg1 33.Rxg1 Be6 34.Be5 h6 35.Ke2 Bd7 36.Kd2 Be6
37.Kc2 a5 38.Ra1 a4 39.Kc3 Nd7 40.Bc7 Nf8 41.Ra3 h5 42.Bc2 Ng6 43.Rxa4 Rxa4
44.Bxa4 Bd7 45.Bd8 Nf8 46.Bc2 Ke6 47.e4 fxe4 48.fxe4 Be8 49.e5 Bg6 50.Ba4 Kd7
51.Bg5 Ne6 52.Be3 Kc8 53.b5 cxb5 54.Bxb5 Kd8 55.Ba4 Bf7 56.Bh6 Kc8 57.Bb3 Nd8
58.Kb4 Kd7 59.Ba4+  1-0

[Event "Final Russian Rapid GP"]
[Site "Apatity RUS"]
[Date "2011.12.02"]
[Round "1.1"]
[White "Maletin,P"]
[Black "Morozevich,A"]
[Result "1-0"]
[WhiteElo "2568"]
[BlackElo "2762"]

1.d4 Nf6 2.c4 g6 3.g3 Bg7 4.Bg2 d5 5.cxd5 Nxd5 6.Nf3 Nb6 7.Nc3 Nc6 8.e3 e5
9.d5 Ne7 10.e4 c6 11.d6 Ng8 12.b3 f6 13.O-O Nh6 14.Qd3 Nf7 15.Ba3 Be6 16.Rad1 Qd7
17.Nh4 O-O 18.f4 f5 19.Kh1 Rad8 20.exf5 gxf5 21.fxe5 Nxe5 22.Qc2 Ng6 23.Nxg6 hxg6
24.Na4 Nxa4 25.bxa4 Rfe8 26.a5 Bf7 27.a6 Re3 28.Bb4 b6 29.Qxc6 Qxc6 30.Bxc6 Bxa2
31.Rfe1 Re6 32.d7 Bf8 33.Bxf8 Kxf8 34.Bb5 Kf7 35.Rxe6 Bxe6 36.Rc1 Ke7 37.Rc7 Ra8
38.Kg1 Kd8 39.Rc3 Ke7 40.Rc7 Kd8 41.Rc3 Ke7 42.Kf2 g5 43.h4 gxh4 44.gxh4 Rh8
45.Rc7 Rxh4 46.Rc8 Bxd7 47.Rc7 Rb4 48.Bxd7 Kd6 49.Rxa7 b5 50.Rb7 Ra4 51.Bxb5 Ra3
52.Be2 Ke5 53.a7 Kf4 54.Bb5 Ra2+ 55.Ke1 Ke3 56.Re7+ Kd4 57.Bc6  1-0

[Event "Final Russian Rapid GP"]
[Site "Apatity RUS"]
[Date "2011.12.02"]
[Round "1.2"]
[White "Morozevich,A"]
[Black "Maletin,P"]
[Result "1/2-1/2"]
[WhiteElo "2762"]
[BlackElo "2568"]

1.e4 c5 2.Nf3 e6 3.Nc3 Nc6 4.d4 cxd4 5.Nxd4 Qc7 6.Be3 a6 7.Qd2 Nf6 8.O-O-O Be7
9.f3 O-O 10.g4 b5 11.g5 Nh5 12.Kb1 Rd8 13.Nce2 e5 14.Nf5 d5 15.Nxe7+ Nxe7
16.Ng3 Nf4 17.Bxf4 exf4 18.Nh5 Bg4 19.fxg4 dxe4 20.Qc1 Rxd1 21.Qxd1 Rd8 22.Qe1 Qd7
23.Bh3 Ng6 24.a3 e3 25.Qc3 Qd4 26.Qxd4 Rxd4 27.Re1 Rd2 28.Bf1 Rxh2 29.Bd3 Rf2
30.a4 bxa4 31.Bxa6 Ne5 32.Rd1 Rd2 33.Kc1 Rxd1+ 34.Kxd1 f3 35.Bb7 Kf8 36.Bd5 Ke7
37.Nxg7 Kd6 38.Be4 Kc5 39.Nf5 f2 40.Bg2 Nc4 41.Bf1 Nxb2+ 42.Kc1 Nc4 43.Bxc4 Kxc4
44.Nxe3+  1/2-1/2

[Event "54th Reggio Emilia"]
[Site "Reggio Emilia ITA"]
[Date "2012.01.06"]
[Round "10"]
[White "Vitiugov,N"]
[Black "Morozevich,A"]
[Result "1-0"]
[WhiteElo "2729"]
[BlackElo "2762"]

1.c4 Nf6 2.Nc3 d5 3.cxd5 Nxd5 4.g3 Nxc3 5.bxc3 g6 6.Bg2 Bg7 7.Rb1 Nc6 8.h4 h6
9.Nf3 O-O 10.O-O e5 11.d3 Kh7 12.Nd2 f5 13.Ba3 Rf6 14.Qc2 Qe8 15.e3 b6 16.d4 Ba6
17.Rfe1 e4 18.c4 Rc8 19.Qa4 Nb8 20.Qxe8 Rxe8 21.Rec1 Nd7 22.Nb3 Rf7 23.Bb4 c5
24.Bd2 g5 25.hxg5 hxg5 26.a4 cxd4 27.exd4 f4 28.a5 f3 29.Bf1 Kg6 30.axb6 Bf6
31.Re1 Rh8 32.Rxe4 Rfh7 33.Rh4 gxh4 34.Bd3+ Kg7 35.Bxh7 Kxh7 36.Ra1 Bxc4
37.Rxa7 Bxb3 38.Rxd7+ Kg6 39.Bf4 hxg3 40.Bxg3 Ba4 41.Rd6 Rg8 42.b7 Kf5 43.Ra6 Bxd4
44.b8=Q Rxb8 45.Bxb8 Bc2 46.Kh2 Bd3 47.Ra4 Be5+ 48.Bxe5 Kxe5 49.Kg3 Be2 50.Kg4 Kf6
51.Kf4 Bd1 52.Ra6+ Kf7 53.Ke5 Be2 54.Rf6+ Kg7 55.Kf5 Bd3+ 56.Kg5 Be2 57.Rf4 Kg8
58.Kh6 Bd1 59.Rd4 Be2 60.Rd7 Kf8 61.Kg5 Ke8 62.Ra7 Kf8 63.Kf4 Kg8 64.Ra3 Kf7
65.Rxf3 Bxf3 66.Kxf3 Kf6 67.Kf4  1-0

[Event "19th TCh-RUS 2012"]
[Site "Sochi RUS"]
[Date "2012.04.15"]
[Round "7"]
[White "Tregubov,P"]
[Black "Morozevich,A"]
[Result "0-1"]
[WhiteElo "2599"]
[BlackElo "2765"]

1.d4 Nf6 2.c4 e6 3.Nc3 Bb4 4.e3 O-O 5.Bd3 b6 6.Ne2 d5 7.a3 Be7 8.cxd5 exd5
9.b4 Bb7 10.O-O Re8 11.f3 Bf8 12.Qb3 Nc6 13.Kh1 Qd7 14.Bd2 a6 15.Rad1 Nd8
16.Bc1 c5 17.dxc5 bxc5 18.Be4 Nxe4 19.fxe4 cxb4 20.Nxd5 Bxd5 21.exd5 a5 22.axb4 Bxb4
23.Ng3 Ra6 24.Bb2 Bf8 25.Nf5 a4 26.Qd3 Rg6 27.e4 f6 28.h3 Nf7 29.d6 Qb7 30.Ba3 Rxe4
31.Qd5 Qxd5 32.Rxd5 Rg5 33.Rd2 g6 34.Ne7+ Kg7 35.Nd5 Bxd6 36.Bxd6 Nxd6 37.Nxf6 Rf5
38.Rfd1 Rxf6 39.Rxd6 Rxd6 40.Rxd6 a3 41.Ra6 Re3 42.h4 Kf7 43.Kh2 Ke7 44.g3 Re2+
45.Kh3 a2 46.Kg4 h6 47.Kf3 Rh2 48.g4 Kd7 49.Kg3 Rb2 50.Kf4 Kc7 51.h5 Kb7
52.Ra3 gxh5 53.gxh5 Kc6 54.Kf5 Rg2 55.Ra8 Kc5 56.Ke4 Kc4 57.Kf3 Rh2 58.Kg3 Rd2
59.Kf4 Kb3 60.Kf5 Kb2 61.Ke5  0-1

[Event "7th Mikhail Tal Memorial"]
[Site "Moscow RUS"]
[Date "2012.06.09"]
[Round "2"]
[White "Morozevich,A"]
[Black "Carlsen,M"]
[Result "1/2-1/2"]
[WhiteElo "2769"]
[BlackElo "2835"]

1.d4 Nf6 2.c4 e6 3.Nc3 Bb4 4.Qc2 d5 5.cxd5 exd5 6.Bg5 h6 7.Bh4 c5 8.dxc5 g5
9.Bg3 Ne4 10.e3 Qa5 11.Rc1 Nd7 12.Ne2 Ndxc5 13.a3 Bxc3+ 14.Nxc3 Nxc3 15.Qxc3 Qxc3+
16.Rxc3 Ne4 17.Rc7 Nxg3 18.hxg3 Rb8 19.Bb5+ Kf8 20.Kd2 Kg7 21.Rhc1 Rd8 22.Re7 Kf6
23.Rcc7 Rf8 24.b4 a6 25.Bd3 a5 26.bxa5 Ra8 27.Bb5 Rxa5 28.a4 Ra8 29.Kc3 h5
30.Kb4 h4 31.Re8 Rxe8 32.Bxe8 Be6 33.Bb5 d4 34.gxh4 gxh4 35.exd4 Bd5 36.f3 Rg8
37.Rc2 Ke7 38.a5 Kd6 39.Bc4 Bxc4 40.Rxc4 Rxg2 41.Rc5 h3 42.Rh5 h2 43.Kc4 Rc2+
44.Kd3 Ra2 45.Ke4 f5+ 46.Kf4 Kd5 47.Rxf5+ Kxd4 48.Rh5 Rg2 49.Rh7 Kd3 50.Ke5 Ke2
51.f4 Kf1 52.f5 Ra2 53.f6 Rxa5+ 54.Ke6 Ra6+ 55.Ke7 Rxf6 56.Kxf6 Kg1 57.Ke5 h1=Q
58.Rxh1+ Kxh1 59.Kd4  1/2-1/2

[Event "Biel Exhibition Blitz"]
[Site "Biel SUI"]
[Date "2012.07.22"]
[Round "1.2"]
[White "Morozevich,A"]
[Black "Pelletier,Y"]
[Result "1-0"]
[WhiteElo "2770"]
[BlackElo "2599"]

1.d4 Nf6 2.c4 e6 3.Nc3 Bb4 4.Qc2 O-O 5.e4 d5 6.e5 Ne4 7.a3 Bxc3+ 8.bxc3 c5
9.Bd3 cxd4 10.cxd4 Qa5+ 11.Kf1 Bd7 12.Ne2 f5 13.exf6 Nxf6 14.Bd2 Qd8 15.Bg5 h6
16.Bh4 Nc6 17.cxd5 exd5 18.f3 Rc8 19.Qa2 Be6 20.Rd1 Na5 21.Bf2 Qd7 22.Nf4 Bf5
23.g4 Bxd3+ 24.Nxd3 Nc4 25.Ne5 Qb5 26.Kg2 Qa4 27.Qe2 Nxe5 28.dxe5 Nxg4 29.Rd4 Qxa3
30.fxg4 Qb3 31.Rhd1 Rc2 32.R1d2 Rc3 33.e6 Rcf3 34.Bg1 R3f6 35.Rxd5  1-0

[Event "45th Biel GM"]
[Site "Biel SUI"]
[Date "2012.07.23"]
[Round "1"]
[White "Morozevich,A"]
[Black "Giri,A"]
[Result "0-1"]
[WhiteElo "2770"]
[BlackElo "2696"]

1.d4 Nf6 2.c4 g6 3.Nc3 d5 4.Nf3 Bg7 5.Qb3 dxc4 6.Qxc4 O-O 7.e4 Be6 8.Qb5 Bd7
9.Qc5 b6 10.Qg5 c5 11.dxc5 Bc6 12.Qh4 bxc5 13.Be2 e6 14.Bg5 h6 15.Bxh6 Nxe4
16.Qf4 Nxc3 17.Bxg7 Kxg7 18.bxc3 Qf6 19.Qe3 Nd7 20.O-O Rab8 21.Rfd1 Rfd8
22.h3 Bd5 23.a4 a5 24.Rab1 Bb3 25.Rd6 Bxa4 26.Ra1 Qe7 27.Ra6 Bb5 28.Bxb5 Rxb5
29.Ra7 Rdb8 30.Ne5 R8b7 31.Rxb7 Rxb7 32.Rxa5 Qd6 33.f4 Rb1+ 34.Kh2 Nxe5 35.fxe5 Qd1
36.Qf2 Qh1+ 37.Kg3 Rf1 38.Qxc5 Rd1 39.Qe3 Qf1 40.Kh2 Re1 41.Qd2 Qg1+ 42.Kg3 Re3+
43.Kf4 g5+ 44.Kg4 Kh6 45.Ra4 Rxe5 46.h4 f6 47.Kf3 Qh2 48.hxg5+ fxg5 49.Re4 Rf5+
50.Ke3 Qg3+  0-1

[Event "FIDE GP Tashkent"]
[Site "Tashkent UZB"]
[Date "2012.12.02"]
[Round "9.2"]
[White "Kasimdzhanov,R"]
[Black "Morozevich,A"]
[Result "1/2-1/2"]
[WhiteElo "2696"]
[BlackElo "2748"]

1.e4 c5 2.Nf3 g6 3.c3 d5 4.exd5 Qxd5 5.d4 Nf6 6.Be2 cxd4 7.Qxd4 Qa5 8.Qe5 Nc6
9.Qxa5 Nxa5 10.Ne5 Bg7 11.Bb5+ Nd7 12.Bf4 a6 13.Bxd7+ Bxd7 14.Nxd7 Kxd7 15.Nd2 Rhc8
16.O-O-O Ke8 17.Rhe1 b5 18.Kb1 Nc4 19.Nxc4 Rxc4 20.Be5 Bxe5 21.Rxe5 Rd8 22.Rde1 e6
23.Kc2 Ke7 24.R5e4 Rxe4 25.Rxe4 Rd5 26.a4 Rg5 27.axb5 axb5 28.g3 Rf5 29.f4 g5
30.Re5 Kf6 31.Rxf5+ Kxf5 32.fxg5 Ke4 33.Kd2 Kf3 34.b3 e5 35.c4 bxc4 36.bxc4 Kf2
37.Kd3 Kf3 38.Kd2 Kf2  1/2-1/2

[Event "SportAccord Rapid Men 2012"]
[Site "Beijing CHN"]
[Date "2012.12.14"]
[Round "1.2"]
[White "Morozevich,A"]
[Black "Aronian,L"]
[Result "1/2-1/2"]
[WhiteElo "2748"]
[BlackElo "2815"]

1.d4 Nf6 2.c4 g6 3.Nc3 d5 4.cxd5 Nxd5 5.e4 Nxc3 6.bxc3 Bg7 7.Qa4+ Nd7 8.Nf3 c5
9.Be2 O-O 10.O-O cxd4 11.cxd4 Nc5 12.dxc5 Bd7 13.Qa3 Bxa1 14.e5 Bc6 15.Bf4 Bxf3
16.Bxf3 Qd4 17.g3 Bc3 18.Bxb7 Bb4 19.Qf3 Rad8 20.c6 Ba5 21.Qa3 Bb6 22.Qxe7 Rfe8
23.Qg5 Qb2 24.Kg2 Qxa2 25.e6 Rd5 26.exf7+ Kxf7 27.Qg4 Rf5 28.c7 Qc2 29.Qf3 Kg7
30.Rd1 Bxc7 31.Rd7+ Kh8 32.Rxc7 Qxc7 33.Bxc7 Rxf3 34.Bxf3 Kg7 35.Bd5 Re2
36.Kf3 Rc2 37.Be5+ Kf8 38.Be4 Rc8 39.Ke3 a5 40.Kd3  1/2-1/2

[Event "SportAccord Rapid Men 2012"]
[Site "Beijing CHN"]
[Date "2012.12.14"]
[Round "2.5"]
[White "Giri,A"]
[Black "Morozevich,A"]
[Result "1-0"]
[WhiteElo "2720"]
[BlackElo "2748"]

1.d4 Nf6 2.c4 e6 3.Nf3 d5 4.g3 dxc4 5.Bg2 b5 6.a4 c6 7.Ne5 Nd5 8.O-O a6 9.axb5 cxb5
10.b3 cxb3 11.Qxb3 Bb7 12.e4 Nf6 13.d5 Bd6 14.Nxf7 Kxf7 15.dxe6+ Ke8 16.e5 Bxg2
17.exf6 Qxf6 18.Kxg2 Qxa1 19.Bb2 Qa4 20.Qf3 Ra7 21.Rc1 Kd8 22.Bf6+ Be7 23.Qd5+ Nd7
24.Bd4 Rc7 25.Qa8+  1-0

[Event "SportAccord Rapid Men 2012"]
[Site "Beijing CHN"]
[Date "2012.12.14"]
[Round "3.7"]
[White "Karjakin,Sergey"]
[Black "Morozevich,A"]
[Result "1/2-1/2"]
[WhiteElo "2775"]
[BlackElo "2748"]

1.e4 c5 2.Nf3 e6 3.d4 cxd4 4.Nxd4 Nc6 5.Nc3 Qc7 6.Be3 a6 7.Be2 b5 8.Nxc6 Qxc6
9.Bf3 Bb7 10.O-O Qc7 11.Qd3 Ne7 12.a4 b4 13.Nd5 exd5 14.exd5 d6 15.Rfe1 Rc8
16.Bd4 h5 17.Re2 Qc4 18.Qe3 Bxd5 19.b3 Qc6 20.Bxg7 Bxf3 21.Bxf8 Kxf8 22.Qxe7+ Kg7
23.gxf3 Rh6 24.Qe4 Qc3 25.Rae1 Re6 26.Qf4 Rf6 27.Qe3 Qxe3 28.fxe3 Rxf3 29.Rd1 Rc6
30.Rd5 Kg6 31.Rg2+ Kf6 32.Rxh5 Rxe3 33.Rf2+ Kg6 34.Rhf5 Rxc2 35.Rf6+ Kg7
36.Rxf7+ Kg8 37.R7f3 Rxf3 38.Rxf3 Kg7 39.h3 d5 40.Kf1 Kg6 41.Ke1 Rh2 42.Kd1 Kg5
43.Rd3 Kf4 44.Rxd5 Ke4 45.Rd6 Rxh3 46.Kc2 Rh2+ 47.Kc1 Ke5  1/2-1/2

[Event "SportAccord Rapid Men 2012"]
[Site "Beijing CHN"]
[Date "2012.12.14"]
[Round "4.8"]
[White "Morozevich,A"]
[Black "Mamedyarov,S"]
[Result "1-0"]
[WhiteElo "2748"]
[BlackElo "2764"]

1.d4 d5 2.c4 c6 3.cxd5 cxd5 4.Nc3 Nf6 5.Nf3 Nc6 6.Bf4 a6 7.Ne5 Bd7 8.e3 e6
9.Bd3 Be7 10.O-O O-O 11.Bg5 h6 12.Bxf6 Bxf6 13.f4 Rc8 14.Rc1 Be7 15.Bb1 f5
16.Ng6 Rf6 17.Nxe7+ Nxe7 18.Qb3 Rc7 19.Bd3 Rf8 20.Nb1 Qc8 21.Rxc7 Qxc7 22.Nd2 Rc8
23.Nf3 Be8 24.h3 Bh5 25.Ne5 Ng6 26.Kh2 Nxe5 27.dxe5 b5 28.Qb4 Qb6 29.Qd4 Qc5
30.a3 Be8 31.Qxc5 Rxc5 32.Kg3 Kf7 33.Kf2 Ke7 34.Ke2 g6 35.g4 Rc8 36.Kd2 Bf7
37.Rg1 Kf8 38.h4 fxg4 39.Rxg4 h5 40.Rg5 Kg7 41.Rg1 Be8 42.Rc1  1-0

[Event "SportAccord Rapid Men 2012"]
[Site "Beijing CHN"]
[Date "2012.12.15"]
[Round "5.5"]
[White "Radjabov,T"]
[Black "Morozevich,A"]
[Result "0-1"]
[WhiteElo "2793"]
[BlackElo "2748"]

1.d4 Nf6 2.c4 g6 3.Nc3 d5 4.Nf3 Bg7 5.Qb3 dxc4 6.Qxc4 O-O 7.Bf4 c6 8.e4 Qa5
9.b4 Qd8 10.Be2 b5 11.Qb3 a5 12.e5 Nd5 13.Nxd5 Be6 14.Qc3 Bxd5 15.a3 axb4
16.axb4 Rxa1+ 17.Qxa1 Nd7 18.O-O f6 19.exf6 exf6 20.Qc3 g5 21.Be3 Re8 22.Ra1 Nf8
23.Bd1 Ne6 24.Bc2 Bf8 25.Nd2 Qe7 26.Qd3 Qf7 27.Rb1 Nc7 28.Qf5 Be6 29.Qf3 Nd5
30.Ne4 g4 31.Qd1 Nxb4 32.Bb3 Bxb3 33.Qxg4+ Kh8 34.d5 Bc2 35.Nxf6 Rxe3 36.Rf1 Re5
37.Qf4 Rf5  0-1

[Event "SportAccord Rapid Men 2012"]
[Site "Beijing CHN"]
[Date "2012.12.15"]
[Round "6.4"]
[White "Morozevich,A"]
[Black "Jobava,Ba"]
[Result "1-0"]
[WhiteElo "2748"]
[BlackElo "2711"]

1.d4 Nf6 2.c4 g6 3.Nc3 Bg7 4.e4 O-O 5.Be3 c6 6.f3 a6 7.Qd2 b5 8.e5 Ne8 9.Bh6 d6
10.Bxg7 Nxg7 11.O-O-O Nd7 12.g4 Bb7 13.h4 dxe5 14.h5 exd4 15.hxg6 dxc3 16.Qh6 fxg6
17.Qxh7+ Kf7 18.Rh6 cxb2+ 19.Kxb2 Rg8 20.Nh3 Nf8 21.Ng5+ Kf6 22.Qxg8 Qxd1
23.Ne4+ Ke5 24.Qxg7+ Kf4 25.Qf7+ Ke3 26.Qxe7 Qd8 27.Qb4 Qd4+ 28.Kc2 Kxf3
29.Bd3 Ne6 30.Qe1  1-0

[Event "SportAccord Blindfold Men 2012"]
[Site "Beijing CHN"]
[Date "2012.12.18"]
[Round "1.2"]
[White "Aronian,L"]
[Black "Morozevich,A"]
[Result "1-0"]
[WhiteElo "2815"]
[BlackElo "2748"]

1.d4 g6 2.e4 Bg7 3.Nc3 d6 4.Bc4 Nf6 5.Bb3 O-O 6.Nge2 Nbd7 7.O-O c5 8.Re1 cxd4
9.Nxd4 Nc5 10.Bg5 h6 11.Bh4 a6 12.Nd5 Nxd5 13.exd5 g5 14.Bg3 Nxb3 15.axb3 Qb6
16.c3 Re8 17.h4 Bxd4 18.cxd4 Bf5 19.Qh5 Qxd4 20.hxg5 Bg6 21.Qxh6 Qxb2 22.Ra4 Rac8
23.Rh4 Rc1 24.Rxc1 Qxc1+ 25.Kh2 Qb2 26.Bf4 Qg7 27.Be3 Qxh6 28.Rxh6 e5 29.dxe6 Rxe6
30.Bd4 Kf8 31.Rh8+ Ke7 32.Bf6+ Kd7 33.g4 Re8 34.Rxe8 Kxe8 35.f4 Bc2 36.b4 b6
37.Bc3 Kd7 38.f5 Bb1 39.Kg3 Bc2 40.Kh4 Bd3 41.Kh5 Be2 42.Bd4 b5 43.Bf2 Ke8
44.Bg3 Ke7 45.g6 fxg6+ 46.Kxg6 Bxg4 47.f6+ Ke6 48.f7 Bh5+ 49.Kxh5 Kxf7 50.Bxd6 Ke6
51.Bc7 Kf5 52.Ba5 Kf6 53.Kg4 Ke5 54.Kg5 Ke6 55.Kf4 Kf6 56.Ke4 Ke6 57.Bb6 Kd6
58.Kf5 Kc6 59.Ba5 Kd5 60.Kf6 Kd6 61.Kf7 Kd7 62.Kf8 Kc8 63.Ke8 Kb7 64.Kd7 Kb8
65.Kc6 Ka7 66.Kc7 Ka8 67.Kb6 Kb8 68.Kxa6 Kc8 69.Kxb5 Kd7 70.Ka6 Ke6 71.b5 Kd5
72.b6 Kc4 73.b7 Kd3 74.b8=Q Ke2 75.Qb5+ Kf3 76.Qd3+ Kg4 77.Bd2 Kh4 78.Qg6 Kh3
79.Be1 Kh2 80.Bf2 Kh1 81.Qg1+  1-0

[Event "SportAccord Blindfold Men 2012"]
[Site "Beijing CHN"]
[Date "2012.12.18"]
[Round "2.8"]
[White "Morozevich,A"]
[Black "Bologan,V"]
[Result "1-0"]
[WhiteElo "2748"]
[BlackElo "2681"]

1.d4 Nf6 2.Bg5 e6 3.Nd2 h6 4.Bh4 d5 5.e3 c5 6.c3 Be7 7.Bd3 Qb6 8.Rb1 Bd7
9.Ngf3 cxd4 10.exd4 Bb5 11.Bc2 a5 12.a4 Ba6 13.Bxf6 gxf6 14.Nf1 Nd7 15.Ng3 h5
16.Ne2 h4 17.O-O Qd6 18.Bd3 e5 19.Bxa6 Rxa6 20.c4 e4 21.Nd2 f5 22.cxd5 Rg8
23.Rc1 Qg6 24.Rc8+ Bd8 25.g3 Qh6 26.Qc2 Rag6 27.Qc7 Ke7 28.Rxd8 Rxd8 29.Nc4 hxg3
30.fxg3 Rh8 31.Rf2 e3 32.Rg2 b6 33.Nf4 Rxg3 34.d6+ Kf6 35.Nxe3 Rxe3 36.Nd5+ Ke6
37.Nxe3 Qxe3+ 38.Kf1 Rh3 39.Re2 Rf3+ 40.Ke1 f4 41.Rxe3+ Rxe3+ 42.Kd2 Nf6
43.Qe7+ Kf5 44.Qxf7 Rh3 45.d7 Rxh2+ 46.Kd3 Rh8 47.Qe7 f3 48.d8=Q Rxd8 49.Qxd8 f2
50.Ke2 Ne4 51.Qxb6 Kf4 52.Qxa5 Kg3 53.Qe5+  1-0

[Event "SportAccord Blindfold Men 2012"]
[Site "Beijing CHN"]
[Date "2012.12.19"]
[Round "5.5"]
[White "Morozevich,A"]
[Black "Giri,A"]
[Result "1-0"]
[WhiteElo "2748"]
[BlackElo "2720"]

1.d4 Nf6 2.c4 g6 3.Nc3 d5 4.Nf3 Bg7 5.h4 c6 6.cxd5 cxd5 7.Bf4 Nc6 8.e3 O-O
9.Ne5 Qb6 10.Qb3 Qxb3 11.axb3 Nb4 12.Kd2 h5 13.Nd3 Nc6 14.f3 Bf5 15.Ne5 Rfc8
16.Bb5 Nd8 17.Bd3 Bxd3 18.Nxd3 e6 19.b4 Nd7 20.Ra2 Nb6 21.b3 a6 22.Rha1 Bf8
23.Na4 Nxa4 24.Rxa4 Rc6 25.b5 Rb6 26.Ra5 Bd6 27.Bxd6 Rxd6 28.Nc5 Rc8 29.bxa6 b6
30.Nb7 Rd7 31.Nxd8 bxa5 32.Nb7 Rdc7 33.Nc5 Kf8 34.Rxa5 Ke7 35.b4 Kd6 36.Na4 Rc2+
37.Kd3 Ra2 38.Nb6 Rcc2 39.Rxa2 Rxa2 40.a7 Kc6 41.a8=Q+ Rxa8 42.Nxa8 Kb7 43.e4 Kxa8
44.exd5 exd5 45.Ke3 Kb7 46.Kf4 f6 47.g4 Kc6 48.gxh5 gxh5 49.Kf5  1-0

[Event "SportAccord Blindfold Men 2012"]
[Site "Beijing CHN"]
[Date "2012.12.19"]
[Round "6.5"]
[White "Radjabov,T"]
[Black "Morozevich,A"]
[Result "1-0"]
[WhiteElo "2793"]
[BlackElo "2748"]

1.d4 Nf6 2.c4 g6 3.Nc3 Bg7 4.Nf3 O-O 5.g3 d6 6.Bg2 Nc6 7.O-O a6 8.Bf4 Nd7
9.Qd2 e5 10.dxe5 dxe5 11.Bh6 Nb6 12.Bxg7 Kxg7 13.b3 f5 14.Qb2 Be6 15.Nd5 Nd7
16.Rfd1 Re8 17.b4 Bxd5 18.cxd5 Na7 19.d6 c6 20.e4 Qf6 21.exf5 e4 22.Nd4 c5
23.bxc5 Nxc5 24.Qb6 Nd3 25.Bxe4 Nxf2 26.Kxf2 Rxe4 27.Qxb7+  1-0

[Event "SportAccord Blindfold Men 2012"]
[Site "Beijing CHN"]
[Date "2012.12.19"]
[Round "7.7"]
[White "Morozevich,A"]
[Black "Grischuk,A"]
[Result "1-0"]
[WhiteElo "2748"]
[BlackElo "2764"]

1.d4 Nf6 2.c4 g6 3.Nc3 Bg7 4.e4 d6 5.f3 O-O 6.Be3 e5 7.d5 c6 8.Qd2 cxd5 9.cxd5 a6
10.Bd3 Nh5 11.Nge2 Nd7 12.O-O f5 13.exf5 gxf5 14.Bxf5 Rxf5 15.g4 Nb6 16.b3 Rxf3
17.Rxf3 Bxg4 18.Rf2 Nd7 19.Ne4 Ndf6 20.Nxf6+ Nxf6 21.Ng3 Qe8 22.Bh6 Qg6 23.Bxg7 Kxg7
24.Rc1 Rf8 25.Rc7+ Kg8 26.Rxb7 h5 27.h4 Bc8 28.Rc7 Bh3 29.Qg5 Qxg5 30.hxg5 Nxd5
31.Rc6 Nf4 32.Rxd6 Bg4 33.Kh2 Kg7 34.Rxa6 h4 35.Ne4 Bf5 36.Nd6 Bd3 37.Nc4 Rf5
38.Ra7+ Kg6 39.Nxe5+ Rxe5 40.Rxf4 Kxg5 41.Rf2 Re1 42.Rg7+ Kh5 43.Rg1 Re3
44.a4 Be4 45.Rb2 Bf5 46.a5 Rh3+ 47.Kg2 Rg3+ 48.Kf2 Rc3 49.Re1 Rh3 50.Ree2 Bg4
51.Red2 Rf3+ 52.Kg1 Rc3 53.a6 Rc1+ 54.Kf2 h3 55.Kg3  1-0

[Event "20th TCh-RUS 2013"]
[Site "Loo RUS"]
[Date "2013.04.08"]
[Round "2"]
[White "Morozevich,A"]
[Black "Jakovenko,D"]
[Result "1-0"]
[WhiteElo "2758"]
[BlackElo "2734"]

1.d4 d5 2.c4 c6 3.Nf3 Nf6 4.Nc3 dxc4 5.a4 e6 6.e4 Bb4 7.e5 Nd5 8.Bd2 b5 9.h4 h6
10.Rh3 a6 11.Ne4 Be7 12.h5 Nd7 13.Rg3 Kf8 14.axb5 cxb5 15.Ba5 N7b6 16.Nfd2 Bb4
17.Bxb4+ Nxb4 18.Nd6 f5 19.b3 c3 20.Rxc3 N6d5 21.Rc5 Bd7 22.Qf3 Kg8 23.Rac1 Kh7
24.g4 Qh4 25.gxf5 Qxd4 26.Qg3 exf5 27.Qg6+ Kg8 28.Qf7+ Kh7 29.Qg6+ Kg8 30.Nf3 Qf4
31.Qf7+ Kh7 32.Qg6+ Kg8 33.Be2 Rf8 34.Rd1 Ne7 35.Qg3 Qxg3 36.fxg3 Bc6 37.Nh4 Kh7
38.Ng6 Nxg6 39.hxg6+ Kxg6 40.Rd4 a5 41.Rxb4 axb4 42.Rxc6 f4 43.g4 Kg5 44.Bf3 Kh4
45.Kf2 Ra8 46.Rc1 Ra2+ 47.Be2 f3 48.Kxf3 Rf8+ 49.Ke3 Rb2 50.Nf5+  1-0

[Event "20th TCh-RUS 2013"]
[Site "Loo RUS"]
[Date "2013.04.09"]
[Round "3"]
[White "Morozevich,A"]
[Black "Grischuk,A"]
[Result "0-1"]
[WhiteElo "2758"]
[BlackElo "2764"]

1.c4 c5 2.Nf3 Nc6 3.d4 cxd4 4.Nxd4 Nf6 5.Nc3 e6 6.g3 Qb6 7.Nb3 Ne5 8.e4 Bb4
9.Qe2 d6 10.Bd2 O-O 11.O-O-O a5 12.f4 a4 13.Na1 Nc6 14.Nc2 a3 15.b3 d5 16.Bg2 dxc4
17.Qxc4 Bxc3 18.Qxc3 Ng4 19.Qf3 e5 20.f5 Nf6 21.Bg5 Qc5 22.Kb1 b6 23.Bxf6 gxf6
24.Rd5 Qe7 25.Rhd1 Ra5 26.Qe3 Nd4 27.Nxd4 exd4 28.R1xd4 Bxf5 29.Rd6 Bg6 30.g4 Rc8
31.h4 h5 32.gxh5 Rxh5 33.Bh3 Re8 34.Qg3 Qe5 35.Qg4 Qh2 36.Qg2 Qxg2 37.Bxg2 Rxh4
38.Kc1 Rc8+ 39.Kd1 Kg7 40.Rd2 Rc3 41.Rxb6 Bh5+ 42.Ke1 Rf4 43.Rd5 Re3+ 44.Kd2 Rg3
45.Rxh5 Rf2+ 46.Ke1 Rgxg2 47.Rd5 Rxa2 48.Kf1 Raf2+ 49.Ke1 Rb2 50.Kf1 a2 51.Ra6 Rh2
52.Kg1 Rhd2  0-1

[Event "20th TCh-RUS 2013"]
[Site "Loo RUS"]
[Date "2013.04.10"]
[Round "4"]
[White "Zontakh,A"]
[Black "Morozevich,A"]
[Result "0-1"]
[WhiteElo "2546"]
[BlackElo "2758"]

1.e4 c5 2.Nf3 Nc6 3.d4 cxd4 4.Nxd4 e6 5.Nc3 Qc7 6.Be3 a6 7.Qd2 Nf6 8.f3 Be7
9.g4 b5 10.g5 Nxd4 11.Qxd4 Nh5 12.O-O-O Bb7 13.Rg1 Rc8 14.Rg2 Bc5 15.Qxc5 Qxc5
16.Bxc5 Rxc5 17.a4 Bc6 18.a5 Nf4 19.Rg4 Ng6 20.Na2 Bb7 21.Nb4 Ke7 22.b3 h6
23.gxh6 Rxh6 24.Rg2 Rc7 25.Kb2 Ne5 26.f4 Ng6 27.Rf2 Rh4 28.f5 Ne5 29.Bd3 g5
30.fxg6 Nxg6 31.Re1 Ne5 32.Ree2 Rc8 33.Ka3 Rg8 34.Kb2 Rg1 35.Kc3 Rd1 36.Rd2 Re1
37.Rde2 Rxe2 38.Rxe2 Kd6 39.Rd2 Kc5 40.Re2 Rf4 41.Re3 Rh4 42.h3 f6 43.Na2 d5
44.exd5 Bxd5 45.Be2 Nc6 46.Nc1 f5 47.Bf1 Kd6 48.Nd3 Nxa5 49.Nb4 Bb7 50.Rd3+ Ke7
51.Rg3 Kf6 52.Rg8 Nc6 53.Nd3 Kf7 54.Rg1 e5 55.Nc5 Bc8 56.Bg2 e4 57.Rd1 Ke7
58.b4 Rf4 59.Rd2 Nxb4 60.Kd4 Rh4 61.Bf1 Rh6 62.Rg2 Rd6+  0-1

[Event "20th TCh-RUS 2013"]
[Site "Loo RUS"]
[Date "2013.04.11"]
[Round "5"]
[White "Morozevich,A"]
[Black "Nepomniachtchi,I"]
[Result "1/2-1/2"]
[WhiteElo "2758"]
[BlackElo "2708"]

1.d4 Nf6 2.c4 g6 3.Nc3 d5 4.cxd5 Nxd5 5.e4 Nxc3 6.bxc3 Bg7 7.Nf3 c5 8.Rb1 O-O
9.Be2 cxd4 10.cxd4 Qa5+ 11.Bd2 Qxa2 12.O-O Bg4 13.Bg5 h6 14.Be3 Nc6 15.d5 Na5
16.Re1 Bxf3 17.Bxf3 Nc4 18.Bf4 e5 19.dxe6 fxe6 20.Rxb7 Rad8 21.Qc1 Bb2 22.Rxb2 Nxb2
23.Bg3 Qa5 24.Rf1 Qd2 25.Qc6 Qd7 26.Qc1 Qd2 27.Qc6 Qd7 28.Qc1 Qd2  1/2-1/2

[Event "20th TCh-RUS 2013"]
[Site "Loo RUS"]
[Date "2013.04.12"]
[Round "6"]
[White "Morozevich,A"]
[Black "Timofeev,Arty"]
[Result "1-0"]
[WhiteElo "2758"]
[BlackElo "2616"]

1.d4 d5 2.c4 e6 3.Nc3 c6 4.e3 Bd6 5.Bd3 f5 6.Nf3 Nf6 7.O-O O-O 8.b3 Ne4 9.Bb2 Nd7
10.Ne2 b6 11.b4 Rb8 12.b5 Bb7 13.cxd5 cxd5 14.Qa4 Qe7 15.Qb3 Ra8 16.a4 a5
17.Ba3 Bxa3 18.Rxa3 Rac8 19.Raa1 Rc7 20.Rfc1 Rfc8 21.Rxc7 Rxc7 22.h3 Bc8
23.Qb2 Qd6 24.Nf4 Ndf6 25.Ne5 Bd7 26.h4 Be8 27.Bxe4 Nxe4 28.Ned3 h6 29.f3 Nf6
30.Ne5 Kh7 31.Qa3 Qxa3 32.Rxa3 Bd7 33.Nxd7 Nxd7 34.Nxe6 Rc1+ 35.Kf2 Nf6 36.Nf4 Rc2+
37.Ne2 Nh5 38.Ke1 g5 39.hxg5 hxg5 40.Rc3 Rxc3 41.Nxc3 Nf6 42.Ke2 Kg6 43.Kd3 Kh5
44.e4 fxe4+ 45.fxe4 dxe4+ 46.Nxe4 Nd5 47.Nc3 Nf6 48.d5 Kg4 49.Kd4 Kf5 50.Nd1 Kf4
51.Ne3 g4 52.d6 Nd7 53.Nc4 Kg3 54.Ne5  1-0

[Event "20th TCh-RUS 2013"]
[Site "Loo RUS"]
[Date "2013.04.13"]
[Round "7"]
[White "Shomoev,A"]
[Black "Morozevich,A"]
[Result "1/2-1/2"]
[WhiteElo "2543"]
[BlackElo "2758"]

1.e4 c5 2.Nf3 Nc6 3.d4 cxd4 4.Nxd4 e6 5.Nc3 Qc7 6.f4 a6 7.Be3 b5 8.Bd3 b4
9.Na4 Bb7 10.Qe2 Nf6 11.Nb3 d6 12.O-O-O Be7 13.Kb1 Nd7 14.Qf2 O-O 15.g4 a5
16.g5 Ba6 17.Nc1 Bxd3 18.Nxd3 f5 19.Qg2 Rac8 20.exf5 Rxf5 21.Rhe1 Nd8 22.b3 Qc6
23.Qe2 Nf7 24.h4 e5 25.Bc1 Bf8 26.Bb2 exf4 27.Qe6 g6 28.c3 f3 29.Rc1 Qd5
30.Qe3 Nfe5 31.Nf2 h5 32.gxh6 Kh7 33.Rcd1 Qc6 34.c4 Bxh6 35.Qd4 Bg7 36.Ne4 d5
37.Qxd5 f2 38.Rf1 Qxd5 39.Rxd5 Rcf8 40.Rd2 Nf6 41.Ng5+ Rxg5 42.hxg5 Ne4 43.Re2 Nf3
44.Rfxf2 Nxf2 45.Bxg7 Kxg7 46.Rxf2 Nxg5 47.Rxf8 Kxf8  1/2-1/2

[Event "Renova FIDE GP Zug"]
[Site "Zug SUI"]
[Date "2013.04.19"]
[Round "2.6"]
[White "Morozevich,A"]
[Black "Mamedyarov,S"]
[Result "1/2-1/2"]
[WhiteElo "2758"]
[BlackElo "2766"]

1.d4 Nf6 2.c4 g6 3.Nc3 d5 4.Nf3 Bg7 5.h4 c5 6.dxc5 Na6 7.h5 O-O 8.hxg6 fxg6
9.Bh6 Bxh6 10.Rxh6 dxc4 11.Rh4 Nxc5 12.Rxc4 b6 13.b4 Qxd1+ 14.Rxd1 Ba6 15.e3 Ncd7
16.Rcd4 Bxf1 17.Kxf1 Rfc8 18.Ne2 Nf8 19.Nf4 Rc2 20.a4 Rac8 21.b5 Ra2 22.R1d2 Rxd2
23.Rxd2 Rc1+ 24.Ke2 Ra1 25.Rd4 Ra2+ 26.Ke1 Ra1+ 27.Ke2 Ra2+ 28.Ke1 Ra1+ 29.Ke2 Ra2+  1/2-1/2